Dialect tension in the finacial markets: A longitudinal study of pre-and post-crisis regulatory technology / (Record no. 361459)
[ view plain ]
| 000 -LEADER | |
|---|---|
| fixed length control field | 00671nam a2200181Ia 4500 |
| 008 - FIXED-LENGTH DATA ELEMENTS--GENERAL INFORMATION | |
| fixed length control field | 190422s9999 xx 000 0 und d |
| 100 ## - MAIN ENTRY--PERSONAL NAME | |
| Personal name | Currie, Wendy L |
| 245 ## - TITLE STATEMENT | |
| Title | Dialect tension in the finacial markets: A longitudinal study of pre-and post-crisis regulatory technology / |
| 245 ## - TITLE STATEMENT | |
| Statement of responsibility, etc | Wendy L. Currie, Daniel P. Gozman and JonathanJ. M. Seddon.-- |
| 260 ## - PUBLICATION, DISTRIBUTION, ETC. (IMPRINT) | |
| Name of publisher, distributor, etc | Association for Information Technology Trust |
| 260 ## - PUBLICATION, DISTRIBUTION, ETC. (IMPRINT) | |
| Date of publication, distribution, etc | 2018 |
| 300 ## - PHYSICAL DESCRIPTION | |
| Extent | pages 304-325, December 2018 |
| 440 ## - SERIES STATEMENT/ADDED ENTRY--TITLE | |
| Title | Journal of Information Technology |
| Volume number/sequential designation | 33(4) |
| 650 ## - SUBJECT ADDED ENTRY--TOPICAL TERM | |
| Topical term or geographic name as entry element | Compliance System |
| 650 ## - SUBJECT ADDED ENTRY--TOPICAL TERM | |
| Topical term or geographic name as entry element | Financial Crisis |
| 650 ## - SUBJECT ADDED ENTRY--TOPICAL TERM | |
| Topical term or geographic name as entry element | Financial Technology |
| 650 ## - SUBJECT ADDED ENTRY--TOPICAL TERM | |
| Topical term or geographic name as entry element | Regulatory Technology |
No items available.